000 01160nam a2200301 a 4500
001 BRL_1063
005 20190320211023.0
008 061113r1986----mx-a######---#000-0#spa-#
020 _a9686670459
041 _aspa
044 _amx
050 4 _aNK845.M53
_b.Q84 1986
245 1 0 _aEl quehacer de un pueblo
_bartesanías Michoacán
_ctexto documental, Octavio Vázquez, alfarería ...[et al.] ; texto narrativo, Miguel Angel Pardo y Archivo de la Casa de las Artesanías ; fotografía, Luis Arias ...[et al.].
260 _aMorelia, Michoacán
_bGobierno del Estado de Michoacán, Casa de las Artesanías
_c1986
300 _a183, [9] p.
_bil. (algunas a color)
_c27 cm.
500 _aAu1200
504 _aBibliografía: p. [187-190]
650 1 4 _aArtes decorativas
_zMichoacán
_925716
650 1 4 _aArtesanía
_zMichoacán
_925717
650 1 4 _aArtesanos
_zMichoacán
_925718
650 1 4 _aArte popular
_zMichoacán
_925719
700 1 _aVázquez, Octavio
_925720
700 1 _aPardo, Miguel Angel
_925721
700 1 _aArias, Luis
_eil.
_925722
710 2 _aCasa de las Artesanías del Estado de Michoacán
_925723
902 _aGRL
942 _2lcc
_cB
999 _c9875
_d9875